| 000 | 02173nam0a2200325 i 4500 | ||
|---|---|---|---|
| 001 | RU\NLR\BIBL_A\010831451 | ||
| 005 | 20260405182453.0 | ||
| 021 |
_aRU _b2015-57902 _93427 |
||
| 035 | _a(NILC)RuMoRGB-007988675 | ||
| 035 | _a(NLR Aleph) 010831451 | ||
| 090 |
_a10290822 _c10290822 |
||
| 100 | _a20150910d2014 u y0rusy50 ca | ||
| 101 | 0 | _arus | |
| 102 | _aRU | ||
| 105 | _aa|||j|||000yy | ||
| 200 | 1 |
_aОсновы математического моделирования транспортных и транспортно-технологических машин и оборудования _eметодическое пособие для студентов очного и заочного обучения специальности 190600.62 "Эксплуатация транспортно-технологических машин и комплексов" _fИ. А. Волков, А. С. Рукодельцев, И. С. Тарасов _gФедер. агентство мор. и реч. транспорта, Федер. гос. бюджет. образоват. учреждение высш. проф. образования "Волжская гос. акад. водного транспорта", Каф. прикладной механики и подъёмно-транспортных машин |
|
| 210 |
_aНижний Новгород _cИзд-во ФГБОУ ВПО "ВГАВТ" _d2014 |
||
| 215 |
_a51 с. _cил. _d20 |
||
| 320 | _aБиблиогр.: с. 50 (9 назв.) | ||
| 606 | 1 |
_aТранспортные машины _jМетодические пособия _xМатематическое моделирование _92277103 _3RU\NLR\AUTH\661364520 |
|
| 686 | 1 | _aО12-01с116я73-1 | |
| 700 | 1 |
_8rus _7ca _aВолков _bИ. А. _cд-р физ.-мат. наук _gИван Андреевич _3RU\NLR\AUTH\7779189 _962117 |
|
| 701 | 1 |
_aРукодельцев _bА. С. _gАлександр Сергеевич |
|
| 701 | 1 |
_aТарасов _bИ. С. _gИван Сергеевич |
|
| 801 | 0 |
_aRU _bРГБ _c20150731 _gRCR |
|
| 801 | 2 |
_aRU _bРГБ _c20150804 _grcr |
|
| 942 | _cBOOK | ||
| 980 | _aNBR | ||